Technický naučný slovník 7. díl U-Ž

Guardado en:
Detalles Bibliográficos
Formato: Libro
Lenguaje:checo
Publicado: Praha SNTL 1986
Edición:2. dopl. a opr. vyd.
Materias:
Acceso en línea:Ver en el OPAC
Etiquetas: Agregar Etiqueta
Sin Etiquetas, Sea el primero en etiquetar este registro!

MARC

LEADER 00000nam a2200000 a 4500
005 20260127134328.0
008 061213s1986 xo cze d
020 |c 120.00 
035 |a vtls008902075 
035 |a LMAOSK244 
039 9 |a 200809161122  |b mschk03  |c 200701071515  |d VLOAD  |y 200612271542  |z VLOAD 
040 |a LMAOSK  |b slo  |c LMAOSK  |d STUSCHK1 
041 0 |a cze 
080 |a 62(031) 
245 0 |a Technický naučný slovník  |b 7. díl U-Ž 
250 |a 2. dopl. a opr. vyd. 
260 |a Praha  |b SNTL  |c 1986 
300 |a 418 s. viaz. 
650 0 7 |a slovníky náučné technické  |2 LMAOSK 
910 |a lmaosk 
910 |a SCHK95 
999 |c 9982  |d 9982